| 000 | 01133cam a22003134a 4500 | ||
|---|---|---|---|
| 999 |
_c2423 _d2423 |
||
| 001 | 14887965 | ||
| 003 | GZU | ||
| 005 | 20201029123021.0 | ||
| 008 | 070612s2007 rh ab b 000 0 eng | ||
| 010 | _a 2007380650 | ||
| 020 | _a9781779220547 | ||
| 020 | _a1779220545 | ||
| 040 |
_aDLC _cDLC _dDLC |
||
| 042 | _alcode | ||
| 043 | _af-rh--- | ||
| 050 | 0 | 0 |
_aHN802 _bYOS 2007 |
| 100 | 1 | _aYoshikuni, Tsuneo. | |
| 245 | 1 | 0 |
_aAfrican urban experiences in colonial Zimbabwe : _ba social history of Harare before 1925 / _cTsuneo Yoshikuni. |
| 260 |
_aHarare : _bWeaver Press, _c2007. |
||
| 300 |
_avi, 162 p. : _bill., maps ; _c21 cm. |
||
| 504 | _aIncludes bibliographical references. | ||
| 650 | 0 |
_aSegregation _zZimbabwe _zHarare _xHistory _y20th century. |
|
| 650 | 0 |
_aMigrant labor _zZimbabwe _zHarare _xHistory _y20th century. |
|
| 651 | 0 |
_aHarare (Zimbabwe) _xSocial conditions _y20th century. |
|
| 856 | 4 | 1 |
_3Table of contents only _uhttp://www.loc.gov/catdir/toc/fy0803/2007380650.html |
| 906 |
_a7 _bcbc _corigode _d3 _encip _f20 _gy-gencatlg |
||
| 942 |
_2lcc _cBK _h802 _iYOS _kHN |
||